00624 2200229 4500001002100000005001700021008004100038035002400079082001100103090001800114100001800132245008800150250001000238260002900248300001900277650003200296700001800328850001200346980001500358985000600373999001500379YOGYA-0209000005902320090227034602.0 ind  0010-020900000059023 a428.24 a428.24bSja I aSJAH, JALINUS aInternational etiquette and english conversationscOleh Djalinus Sjah, aziman Enong aCet.1 aJakartabKobarjayac1979 a248 hlmc15 cm aBahasa Inggris - Percakapan aEnong, Aziman aYOPDYOG a28-07-2008 a1 aP000005082